000 00900nam a2200253Ia 4500
003 OSt
005 20220923215356.0
006 a|||||r|||| 00| 0
007 ta
008 220922b |||||||| |||| 00| 0 hin d
024 _a178,176
037 _cTextual
040 _aARTS
_cARTS
_bhin
041 _2hin
_ahin
082 _aO152,1I80:g(Y), L7
100 _aभीम सिंह
245 0 _aजायसी-काव्य का सांस्कृतिक अध्ययन
246 _aJāyasī-kāvya kā sāanskṛutik adhyayana
260 _aकुरूक्षेत्र
_b कुरूक्षेत्र विश्वविद्यालय
_c1977
300 _a316 पृ.
_ccm.
650 _aहिन्दी साहित्य
_9156264
942 _hO152,1I80:g(Y), L7
_cTEXL
_2CC
999 _c331558
_d331558